| 000 | 00635nam a22002297a 4500 | ||
|---|---|---|---|
| 003 | UA-OsUOA | ||
| 001 | 92531 | ||
| 007 | ta | ||
| 008 | 20121219b un ||||| |||| 00| 0 ukr d | ||
| 100 | _aДиба О. | ||
| 700 | _aКущ О. | ||
| 090 |
_a330(477) _bД44 |
||
| 942 | _cSA | ||
| 040 |
_aUA-OsUOA _bukr _cUA-OsUOA _dUA-OsUOA |
||
| 245 | _aІнформаційне забезпечення оцінки банківського портфеля цінних паперів | ||
| 300 | _aС.22-30 | ||
| 955 | _a0 | ||
| 041 | _aukr | ||
| 080 | _a330(477) | ||
| 773 | 0 | _w92527 | |
| 650 | 7 |
_a330 Економіка взагалі _2UDC |
|
| 999 |
_c378778 _d378778 |
||